000 02447nam a22002177a 4500
008 160204b xxu||||| |||| 00| 0 eng d
020 _a9781587432095
050 _aBX8635.3
_b.M55 2007
100 _aMillet, Robert L
245 _aClaiming Christ :
_ba Mormon-Evangelical debate /
_cRobert L. Millet and Gerald R. McDermott
260 _aGrand Rapids, Mich. :
_bBrazos Press,
_c2007
300 _a238 p. ;
_c23 cm
500 _aIncludes bibliographical references
505 _a|gIntroduction:|tFriendship without compromise /|rGerald McDermott, Robert Millet --|tHow do we know about Jesus? : sources of authority /|rGerald McDermott --|tA Latter-day Saint response /|rRobert Millet --|tRebuttal and concluding thoughts /|rGerald Mc Dermott --|tChrist before Bethlehem : reator, God of the ancients /|rRobert Millet --|tAn evangelical response /|rGerald McDermott --|tRebuttal and concluding thoughts /|rRobert Millet --|tJesus, God, and us : the Trinity and God's oneness / |rGerald McDermott --|tA Latter-day Saint esponse / |rRobert Millet --|tRebuttal and concluding thoughts / |rGerald McDermott --|tThe suffering servant : His passion and atonement /|rRobert Millet --|tAn evangelical response /|rGerald McDermott --|tRebuttal and concluding thoughts / |rRobert Millet --|tJesus of history, Christ of faith : the Gospels and the Book of Mormon /|rGerald McDermott --|tA Latter-day Saint response /|rRobert Millet --|tRebuttal and concluding thoughts /|rGerald McDermott --|tThe keys of the kingdom : the Church and the Sacraments |rRobert Millet --|tAn evangelical response /|rGerald McDermott --|tRebuttal and concluding thoughts /|rRobert Millet --|tSalvation in Christ : grace, faith, and works /|rGerald McDermott --|tA Latter-day Saint response / |rRobert Millet --|tRebuttal and concluding thoughts / |rGerald McDermott --|tThe only name under heaven? : the fate of the unevangelized /|rRobert Millet --|tAn evangelical response /|rGerald McDermott --|tRebuttal and concluding thoughts /|rRobert Millet --|gConclusion: |tDiscerning the spirits : what we have learned /|rGerald McDermott, Robert Millet
610 _bChurch of Jesus Christ of Latter-day Saints
_xDoctrines
650 _aMormon Church
_xDoctrines
650 _aReformed Church
_xDoctrines
650 _aEvangelicalism
700 _aMcDermott, Gerald R.
_q(Gerald Robert)
942 _2lcc
_cBK
999 _c45748
_d45748